Tohfa e Waqt (Record no. 62753)

000 -LEADER
fixed length control field 00472nam a22001697a 4500
003 - CONTROL NUMBER IDENTIFIER
control field NUST - PNEC
005 - DATE AND TIME OF LATEST TRANSACTION
control field 20170116180756.0
008 - FIXED-LENGTH DATA ELEMENTS--GENERAL INFORMATION
fixed length control field 150404b xxu||||| |||| 00| 0 eng d
040 ## - CATALOGING SOURCE
Transcribing agency LIBRARY
082 ## - DEWEY DECIMAL CLASSIFICATION NUMBER
Classification number 297.4 DAR
100 ## - MAIN ENTRY--PERSONAL NAME
9 (RLIN) 2099
Personal name Daravi.Shafiqur Rehman
245 ## - TITLE STATEMENT
Title Tohfa e Waqt
Statement of responsibility, etc. Shafiqur Rehman al-Daravi.
260 ## - PUBLICATION, DISTRIBUTION, ETC.
Place of publication, distribution, etc. Muzafargarh:
Name of publisher, distributor, etc. Al Furqan Trust,
300 ## - PHYSICAL DESCRIPTION
Extent 423 p.:
Dimensions 22 cm.
650 ## - SUBJECT ADDED ENTRY--TOPICAL TERM
9 (RLIN) 2100
Topical term or geographic name entry element Islam, Hadees, Social life
General subdivision General
942 ## - ADDED ENTRY ELEMENTS (KOHA)
Source of classification or shelving scheme
Koha item type Book
Holdings
Withdrawn status Lost status Source of classification or shelving scheme Damaged status Not for loan Permanent Location Current Location Shelving location Date acquired Source of acquisition Cost, normal purchase price Total Checkouts Full call number Barcode Date last seen Cost, replacement price Price effective from Koha item type
          Pakistan Navy Engineering College (PNEC) Pakistan Navy Engineering College (PNEC)   05/25/2010 HQ Comkar Karachi 500.00   297.4 DAR PNECLIB-029425 04/04/2015 500.00 05/25/2010 Book
© 2023 Central Library, National University of Sciences and Technology. All Rights Reserved.